000 00786nam a22002177a 4500
999 _c166179
_d166179
005 20190716113440.0
010 _aENG-125939
020 _a9789353434878
_c599.00
035 _aEN-109471
037 _bDBAD/PUB
082 _a658.83
100 _aViki, Tendayi
245 _aThe lean product lifecycle :
_cby Tendayi Viki, Craig Strong [and] Sonja Kresojevic
_bhow to make products people want /
260 _aNoida
_bPearson India Education
_c2019
270 _a15th Floor, Tower-B, World Trade Tower, Plot No.I, Block-C, Sector 16
_bNoida, Uttar Pradesh
_e201301
_mcompanysecretary.india@pearson.com
300 _axiv,243.
_c23cm(pbk)
500 _aIncludes index
700 _aStrong, Craig
700 _aKresojevic, Sonja
942 _2ddc
_cEN
_h658.83
_mVIK